LEADER 01509nam a2200313 i 4500 001 000000158066 003 CaOOAMICUS 005 20070129000000.0 008 070129s1935 it u000 u ita u 013 $a135429 040 $aSeMil$bita 100 1 $aSchlosser Magnino, Julius.$0(OLS)http://semarc/name/61654 240 14$aDie Kunstliteratur.$0(OLS)http://semarc/title/231928 245 13$aLa letteratura artistica :$bmanuale delle fonti della storia dell'arte moderna /$cJulius Schlosser Magnino ; traduzione di Filippo Rossi ; seconda edizione italiana aggiornata da Otto Kurz. 260 $aWien :$bKunstverlag Anton Schroll & Co,$c1935. 260 $aFirenze :$bLa Nuova Italia,$c1935. 300 $aXIII, 766 p. ;$c25 cm. 490 0 $aIl pensiero storico ;$v12 500 $aContiene : Indice bibliografico. - Fondo Ciprandi. 700 1 $aKurz, Otto.$0(OLS)http://semarc/name/61642 700 1 $aRossi, Filippo.$0(OLS)http://semarc/name/18567 830 3$aIl pensiero storico ;$v12.$0(OLS)http://semarc/title/7219 850 $aSeMil 852 $aSeMil$W1$xVenegono$y1$m5V VI 19$j109739$B109739$CSeMilBibl$Z2$F119320 $81 941 1 $a1 961 $aOmaggio: Ciprandi dott. Paolo 996 $6245$aLa letteratura artistica :$bmanuale delle fonti della storia dell'arte moderna$9(OLS)http://semarc/title/231927 996 $6260$aFirenze :$bLa Nuova Italia$9(OLS)http://semarc/publisher/30055 996 $6260$aWien :$bKunstverlag Anton Schroll & Co$9(OLS)http://semarc/publisher/48441 LEADER 01109nam a2200265 i 4500 001 000000083588 003 CaOOAMICUS 005 20190411184439.0 008 180830s1967 xx u000 u und u 013 $a55828 040 $aSeMil$bita 100 1 $aEtzioni, Amitai.$0(OLS)http://semarc/name/39266 240 10$aModern organizations.$0(OLS)http://semarc/title/420132 245 10$aSociologia dell'organizzazione /$cAmitai Etzioni. 260 $aBologna :$bIl Mulino,$c1967. 300 $a216 p. ;$c22 cm 490 0 $aLa nuova scienza. Fondamenti di sociologia 650 4$aOrganizzazione - Sociologia.$0(OLS)http://semarc/subject/48333 650 4$aSociologia - Manuali.$0(OLS)http://semarc/subject/277 830 3$aLa nuova scienza. Fondamenti di sociologia.$0(OLS)http://semarc/title/39707 850 $aSeMil 852 $aSeMil$W1$xVenegono$y1$m3N VI 565$j212991$B48136$CSeMilBibl$Z2$F51187 $81 996 $6245$aSociologia dell'organizzazione$9(OLS)http://semarc/title/130592 996 $6260$aBologna :$bIl Mulino$9(OLS)http://semarc/publisher/29842